Schuster sa na Hlavnú neponáhľa Najprv knižnica, potom radnica

Bibliographic Details
Main Author: Duchoň, Jozef (Author)
Corporate Authors: Verejná knižnica Jána Bocatia v Košiciach (Author), Košice (Slovensko). Magistrát (Author)
Format: Article
Language:Slovak
Subjects:

MARC

LEADER 00000nab a2200000 a 4500
001 vtls000893614
003 SK-MaSNL
005 20260305013842.0
008 040720e19951011xo 0 slo
035 |a KE2648 
040 |a KEVKJB  |b slo  |c KEVKJB  |e AACR2 
041 0 |a slo 
044 |a xo  |c SK 
080 |a 027.53:885.0-3:929  |2 1981 
080 |a 352.075.2  |2 1981 
100 1 |a Duchoň, Jozef  |4 aut  |9 317656 
245 1 0 |a Schuster sa na Hlavnú neponáhľa  |b Najprv knižnica, potom radnica 
610 2 7 |a Verejná knižnica Jána Bocatia v Košiciach  |2 SNKKA  |9 29554 
610 1 7 |a Košice (Slovensko).  |b Magistrát  |2 SNKKA  |9 168631 
650 0 7 |a presťahovanie  |2 SNK  |9 632842 
650 0 7 |a knižnice  |2 SNKPH  |9 17965 
651 7 |a Košice (Slovensko)  |2 SNKPHgeo  |9 18694 
651 7 |a KE,  |2 KEVKJB  |9 877256 
655 7 |a periodikum  |2 SNKPH  |9 29553 
710 2 |a Verejná knižnica Jána Bocatia v Košiciach  |4 aut  |9 29554 
710 2 |a Košice (Slovensko).  |b Magistrát  |4 aut  |9 168631 
773 0 8 |t Košický večer  |g Roč. 6  |g Roč. 28, č.195, 11.10.1995, s. 1 
852 |a ZVYKNI  |b KIS3GCP 
999 |c 3266274  |d 3268204